zpět

Detail výsledku týmu

Tyršovka, Ústí nad Labem

Datum a čas kvízu

32 Celkem bodů Celkový počet nahraných bodů na tomto kvízu bez doplňovacích otázek.
4. Pořadí na kvízu Konečné umístění týmu na tomto kvízu.

Zaznamenané odpovědi

# Otázka Odpověď Body Výsledky
1. Minulý týden kolovaly internet... B 1
2. Běloruský vůdce Alexandr Lukaš... B 1
3. Minulý týden proběhlo internet... Bílý balet 1
4. Nobelovu cenu za fyziku letos... C) teleportace 1
5. Minulý týden hostila pražská O... San Jose Sharks, Nashville Predators 1
6. Podívejme se nejprve na velblo... C 0
7. Přiřaďte správné výrazy k jeji... 1B 2C 3D 4A 0
8. České slovo velbloud ukazuje,... C 0
9. Tři veteráni jsou pohádková kl... Rudolf Hrušínský 0
10. Velblouda má ve znaku město Pl... husitům (sirotkům) 0